Magazine of the Africa centre, no 1,1975 (Record no. 82318)
[ view plain ]
| 000 -LEADER | |
|---|---|
| fixed length control field | 00812nam a2200169 a 4500 |
| 008 - FIXED-LENGTH DATA ELEMENTS--GENERAL INFORMATION | |
| fixed length control field | 110523s1975 ||||||||||||||||| || u |
| 050 ## - LIBRARY OF CONGRESS CALL NUMBER | |
| Classification number | COMM (02) |
| 110 ## - MAIN ENTRY--CORPORATE NAME | |
| Corporate name or jurisdiction name as entry element | Commonwealth regional centre for advanced studies in youth work |
| 245 10 - TITLE STATEMENT | |
| Title | Magazine of the Africa centre, no 1,1975 |
| 260 ## - PUBLICATION, DISTRIBUTION, ETC. | |
| Place of publication, distribution, etc. | Lusaka: |
| Name of publisher, distributor, etc. | Commonwealth regional centre for advanced studies in youth work |
| Date of publication, distribution, etc. | 1975 |
| 300 ## - PHYSICAL DESCRIPTION | |
| Extent | 72p. |
| 350 ## - | |
| -- | 0.00 |
| 650 ## - SUBJECT ADDED ENTRY--TOPICAL TERM | |
| Topical term or geographic name entry element | YOUTH |
| 650 ## - SUBJECT ADDED ENTRY--TOPICAL TERM | |
| Topical term or geographic name entry element | YOUTH--SOCIAL ASPECTS |
| 995 ## - | |
| -- | SPECIAL COLLECTIONS |
| -- | 0.00 |
| -- | 03007892 |
| -- | CBU-MAIN LIBRARY (Kitwe) |
| -- | 1 |
| -- | 0.00 |
| -- | COMM (02)1975/1A |
| -- | 1 |
| -- | AVAILABLE |
| -- | May 23, 2011 |
| -- | Z03007892 |
| -- | International Publications |
| 995 ## - | |
| -- | SPECIAL COLLECTIONS |
| -- | 0.00 |
| -- | 03007893 |
| -- | CBU-MAIN LIBRARY (Kitwe) |
| -- | 1 |
| -- | 0.00 |
| -- | COMM (02)1975/1B |
| -- | 2 |
| -- | AVAILABLE |
| -- | May 23, 2011 |
| -- | Z03007893 |
| -- | International Publications |
| 999 ## - | |
| -- | 82318 |
| -- | 82318 |
| Withdrawn status | Lost status | Source of classification or shelving scheme | Damaged status | Not for loan | Permanent Location | Current Location | Shelving location | Date acquired | Total Checkouts | Full call number | Barcode | Date last seen | Copy number | Price effective from | Koha item type |
|---|---|---|---|---|---|---|---|---|---|---|---|---|---|---|---|
| CBU-MAIN LIBRARY, KITWE. | CBU-MAIN LIBRARY, KITWE. | 09/27/2023 | COMM (02)1975/1A | Z03007892 | 09/27/2023 | 1 | 09/27/2023 | SPECIAL COLLECTION | |||||||
| CBU-MAIN LIBRARY, KITWE. | CBU-MAIN LIBRARY, KITWE. | 09/27/2023 | COMM (02)1975/1B | Z03007893 | 09/27/2023 | 2 | 09/27/2023 | SPECIAL COLLECTION |